| 000 | 00757nam a2200133Ia 4500 | ||
|---|---|---|---|
| 008 | 171212s9999 xx 000 0 und d | ||
| 020 | _a9781925021882 | ||
| 245 |
_ceditor Biddle, N.;Al-Yaman, F.;Gourley, M.;Gray, M.;Bray, J. R. _aIndigenous Australians and the National Disability Insurance Scheme |
||
| 260 |
_bANU E Press _c2014 |
||
| 440 | _aCentre for Aboriginal Economic Policy Research (CAEPR) | ||
| 650 | _aNational Disability Insurance Scheme (Australia); Aboriginal Australians with disabilities -- Services for -- Australia; Aboriginal Australians with disabilities -- Care -- Australia; Aboriginal Australians with disabilities -- Government policy -- Austra | ||
| 650 | _aPolitical Science | ||
| 856 | _uhttp://www.jstor.org/stable/j.ctt13wwvnq | ||
| 999 |
_c351153 _d351153 |
||